[Event "XXXI Nezhmetdinov Mem"]
[Site "Kazan RUS"]
[Date "2009.06.01"]
[Round "2"]
[White "Gorishniy,Y"]
[Black "Rodchenkov,V"]
[Result "1/2-1/2"]
[WhiteElo "2093"]
[BlackElo "2412"]

1.Nf3 Nf6 2.c4 c5 3.Nc3 e6 4.g3 b6 5.Bg2 Bb7 6.O-O Be7 7.Re1 d6 8.e4 a6 9.d4 cxd4
10.Nxd4 Qc7 11.Be3 Nbd7 12.f4 Rc8 13.Rc1 Qb8 14.b3 Qa8 15.Bf2 O-O 16.g4 g6
17.f5 gxf5 18.gxf5 e5 19.Nc2 b5 20.Ne3 b4 21.Ncd5 Bxd5 22.cxd5 Rxc1 23.Qxc1 Kh8
24.Bf3 Nc5 25.Qb2 Qd8 26.Nc4 Nfd7 27.f6 Bxf6 28.Nxd6 Bh4 29.Rf1 Bxf2+ 30.Rxf2 Qb6
31.Nc4 Qh6 32.Qd2 Qh4 33.Nd6 Nf6 34.Qe3 Ncd7 35.Rg2 Qf4 36.Qxf4 exf4 37.Rg5 Ne8
38.Nc4 f6 39.Rf5 Rg8+ 40.Kf1 Nc7 41.Rxf4 Nb5 42.Bg4 Nc5 43.Bf5 Rg7 44.d6 Nc3
45.Bc8 N3xe4 46.d7 Rg8 47.Bxa6 Nxd7 48.Rxe4 Nc5 49.Rf4 Nxa6 50.Rxf6 Nc5 51.Rf2 Nd3
52.Rd2 Nc5 53.Ke2 Ne4 54.Rb2 Nc3+ 55.Kd3 Rd8+ 56.Kc2  1/2-1/2

[Event "XXXI Nezhmetdinov Mem"]
[Site "Kazan RUS"]
[Date "2009.06.03"]
[Round "4"]
[White "Gorishniy,Y"]
[Black "Vasenev,S1"]
[Result "0-1"]
[WhiteElo "2093"]
[BlackElo "2283"]

1.Nf3 Nf6 2.c4 c5 3.Nc3 d5 4.cxd5 Nxd5 5.e4 Nb4 6.Bc4 Nd3+ 7.Ke2 Nf4+ 8.Kf1 Be6
9.Bxe6 Nxe6 10.b4 Qd3+ 11.Qe2 Qxe2+ 12.Kxe2 cxb4 13.Nd5 Nc6 14.Bb2 Rg8 15.h4 Rd8
16.Rac1 Rxd5 17.exd5 Nf4+ 18.Kd1 Nxd5 19.Ne5 Nxe5 20.Bxe5 Kd7 21.g3 e6 22.Ke2 f6
23.Bb2 h5 24.Rc4 Bd6 25.Bd4 a5 26.Bc5 Be5 27.Rhc1 Ra8 28.g4 hxg4 29.Rxg4 f5
30.Rgg1 b6 31.Be3 f4 32.Rg6 fxe3 33.fxe3 a4 34.d4 Bxd4 35.Rcg1 Bc3 36.h5 b3
37.a3 b5 38.h6 gxh6 39.Rxh6 b4 40.e4 Nf4+ 41.Kf3 bxa3 42.Rh7+ Kd6 43.Rd1+ Nd5
44.exd5 exd5 45.Rh6+ Kc5 46.Rh5 Rd8 47.Rc1 Kc4 48.Rh7 d4 49.Ra7 b2  0-1

[Event "12th IHEM"]
[Site "Hamburg GER"]
[Date "2009.06.04"]
[Round "6"]
[White "Kull,F"]
[Black "Sechting,M"]
[Result "1-0"]
[WhiteElo "2167"]
[BlackElo "2121"]

1.c4 e6 2.Nc3 c5 3.Nf3 Nf6 4.g3 d5 5.cxd5 exd5 6.d4 Nc6 7.Bg2 Be7 8.O-O O-O
9.Be3 b6 10.h3 Bb7 11.Qa4 c4 12.Ne5 Rc8 13.Rad1 a6 14.Bg5 Nb4 15.Rd2 b5 16.Qd1 Ne4
17.Nxe4 dxe4 18.Bxe7 Qxe7 19.a3 f6 20.axb4 fxe5 21.dxe5 Qxe5 22.e3 Bc6 23.Rd4 Qf6
24.Qc2 Qe7 25.Rfd1 Qxb4 26.Bxe4 Bxe4 27.Qxe4 Qxb2 28.Qe6+ Kh8 29.Rf4 g5 30.Rf7 Rxf7
31.Qxf7 Qg7 32.Qe6 Rf8 33.Qxa6 Qf6 34.Qxf6+ Rxf6 35.Rd8+ Kg7 36.Rb8 Rf5 37.Kf1 Kf6
38.Rb6+ Ke7 39.Ke2 Kd7 40.e4 Rc5 41.Kd2 c3+ 42.Kc2 Kc7 43.Ra6 b4 44.Ra2 Rc4
45.f3 Rd4 46.Kb3 Kb7 47.Re2 Kc6 48.f4 gxf4 49.gxf4 Kd6 50.e5+ Ke6 51.f5+ Kxf5
52.e6 Rd2 53.Re5+ Kxe5 54.e7 Kd4 55.e8=Q Rb2+ 56.Ka4 Kc5 57.Qe7+ Kc4 58.Qc7+ Kd3
59.Qxh7+ Kd2 60.Qd7+ Kc1 61.Qe6 Kb1 62.Qe1+ Ka2 63.h4 c2 64.Qc1 Rb3 65.Qxc2+ Ka1
66.Qd1+ Rb1 67.Qxb1+  1-0

[Event "National Open"]
[Site "Las Vegas USA"]
[Date "2009.06.05"]
[Round "1"]
[White "Ellenbogen,M"]
[Black "Cummings,D"]
[Result "1-0"]
[WhiteElo "2145"]
[BlackElo "2369"]

1.c4 Nf6 2.Nc3 c5 3.Nf3 b6 4.g3 Bb7 5.Bg2 g6 6.d4 cxd4 7.Qxd4 Bg7 8.O-O Nc6
9.Qh4 h6 10.Qf4 d6 11.b3 g5 12.Qf5 Qd7 13.Qb1 O-O-O 14.Bb2 Ng4 15.a4 Kb8
16.b4 Nd4 17.a5 Nxf3+ 18.exf3 Ne5 19.axb6 axb6 20.Qa2 Nxf3+ 21.Bxf3 Bxf3
22.Nd5 Qb7 23.Bxg7 Rhg8 24.Bd4 e6 25.Ne3 f5 26.Qa6 f4 27.Nc2 e5 28.Bxb6 Rd7
29.b5 Rc8 30.Ra4 Qxa6 31.bxa6 Be2 32.Rc1 d5 33.Na3 d4 34.c5 d3 35.Nc4 d2
36.Nxd2 Rxd2 37.c6 Rb2 38.c7+ Ka8 39.Ba5 e4 40.Rxe4 Bxa6 41.Re6 Kb7 42.Rxh6 Rb5
43.Ra1 Re8 44.gxf4 gxf4 45.Rg6 f3 46.Bd2 Rb2 47.Bf4 Rb6 48.Rxb6+ Kxb6 49.Rb1+ Kc6
50.h4 Rg8+ 51.Bg3 Bc8 52.Rd1 Rg7 53.Rd8 Kb7 54.Rf8 Rd7 55.Rxf3 Ka7 56.Ra3+ Kb6
57.Rb3+ Ka7 58.Rb8 Bb7 59.Be5 Rd1+ 60.Kh2 Rc1 61.Kg3 Ka6 62.h5 Rc5 63.Kf4 Rc2
64.Ke3 Rc5 65.f4  1-0

[Event "Rapid"]
[Site "Hustopece CZE"]
[Date "2009.06.06"]
[Round "4"]
[White "Cvek,R"]
[Black "Petrik,T"]
[Result "1/2-1/2"]
[WhiteElo "2543"]
[BlackElo "2508"]

1.Nf3 Nf6 2.c4 e6 3.Nc3 c5 4.g3 b6 5.Bg2 Bb7 6.O-O Be7 7.Re1 Ne4 8.Qc2 Nxc3
9.dxc3 Qc7 10.Bf4 d6 11.Rad1 Nc6 12.Rd2 Rd8 13.Red1 h6 14.h4 O-O 15.b3 Ba8
16.e4 Ne5 17.Nh2 Bc6 18.Be3 Qb7 19.f4 Nd7 20.Ng4 f5 21.exf5 Bxg2 22.Rxg2 exf5
23.Nh2 Rde8 24.Re2  1/2-1/2

[Event "Rapid"]
[Site "Hustopece CZE"]
[Date "2009.06.06"]
[Round "6"]
[White "Rachela,M"]
[Black "Babula,V"]
[Result "1/2-1/2"]
[WhiteElo "2338"]
[BlackElo "2584"]

1.Nf3 Nf6 2.c4 c5 3.Nc3 d5 4.cxd5 Nxd5 5.e4 Nb4 6.Bc4 Nd3+ 7.Ke2 Nf4+ 8.Kf1 Be6
9.Bxe6 Nxe6 10.b4 g6 11.bxc5 Bg7 12.d4 Nxd4 13.Bh6 Bxh6 14.Qxd4 Qxd4 15.Nxd4 Bg7
16.Rd1 Na6 17.Ncb5 Bxd4 18.Rxd4 O-O 19.Rd7 Rfd8 20.Rxd8+ Rxd8 21.Ke2 Nxc5
22.f3 a6 23.Nc3 e6 24.h4 h5 25.Rb1 b5 26.g3 Rd4 27.Nd1 Ra4 28.Rb2 Ra3 29.Rc2 Nd7
30.Ne3 Ne5 31.f4 Ng4 32.Nf1 e5 33.f5 gxf5 34.exf5 Kg7 35.Nd2 Rxg3 36.Rc6 e4
37.f6+ Kg6 38.Rxa6 Rg2+ 39.Ke1 e3 40.Nf3 Rf2 41.Nd4 Rxf6 42.Ra5 b4 43.Rg5+ Kh7
44.Rxh5+ Rh6 45.Rxh6+ Kxh6 46.Ke2 Kh5 47.Nf5 f6 48.Nd4 Ne5 49.Nc2 Nc4  1/2-1/2

[Event "OKU"]
[Site "Utrecht NED"]
[Date "2009.06.06"]
[Round "4"]
[White "Lalic,B"]
[Black "Saulin,D"]
[Result "1/2-1/2"]
[WhiteElo "2508"]
[BlackElo "2446"]

1.Nf3 Nf6 2.c4 e6 3.Nc3 c5 4.g3 b6 5.Bg2 Bb7 6.O-O Be7 7.Re1 d5 8.cxd5 Nxd5
9.e4 Nb4 10.d4 cxd4 11.Nxd4 N8c6 12.Nxc6 Bxc6 13.Qg4 h5  1/2-1/2

[Event "ch-Mayo Nacional"]
[Site "Buga COL"]
[Date "2009.06.07"]
[Round "7"]
[White "Beltran,C2"]
[Black "Lotero,F"]
[Result "1-0"]
[WhiteElo "2265"]
[BlackElo "2088"]

1.Nf3 c5 2.c4 Nf6 3.Nc3 d5 4.cxd5 Nxd5 5.g3 g6 6.Bg2 Bg7 7.O-O O-O 8.Qb3 Nxc3
9.dxc3 Qc7 10.Rd1 Nc6 11.Be3 b6 12.Qa4 Bd7 13.Qh4 Rfe8 14.Ng5 h6 15.Nf3 Kh7
16.Bf4 e5 17.Be3 Ne7 18.Ng5+ Kg8 19.Bxa8 hxg5 20.Bxg5 Nf5 21.Qe4 Nd6 22.Qd3 Bf8
23.Bd5 Bf5 24.Qe3 Kh7 25.Qf3 Qc8 26.h3 Bg7 27.g4 e4 28.Qg3 e3 29.Bxe3 Rxe3
30.Qxe3 Bd7 31.Qf4 Ne8 32.Bxf7 Nf6 33.Rd6  1-0

[Event "XXXI Nezhmetdinov Mem"]
[Site "Kazan RUS"]
[Date "2009.06.08"]
[Round "9"]
[White "Ibraev,V"]
[Black "Talov,N"]
[Result "1-0"]
[WhiteElo "2266"]
[BlackElo "2089"]

1.c4 c5 2.Nf3 Nf6 3.Nc3 g6 4.e4 d6 5.d4 cxd4 6.Nxd4 Bg7 7.Be2 Nbd7 8.O-O O-O
9.Be3 Re8 10.Rc1 Nc5 11.f3 Bd7 12.b4 Ne6 13.Nb3 Nf8 14.Qd2 Be6 15.Na5 Qd7
16.b5 Rec8 17.Nd5 Bxd5 18.cxd5 Ne8 19.a4 f5 20.exf5 gxf5 21.Nc6 bxc6 22.dxc6 Qd8
23.a5 e6 24.b6 axb6 25.axb6 Ra3 26.c7 Nxc7 27.bxc7 Qd7 28.Bb6 Rb3 29.Qa5 Bh6
30.f4 Ng6 31.Ba6 Nxf4 32.Bxc8 Qxc8 33.Rxf4 Bxf4 34.Rf1 Qb7 35.Rxf4 Rxb6 36.c8=Q+  1-0

[Event "TCh-BUL w"]
[Site "Sunny Beach BUL"]
[Date "2009.06.09"]
[Round "2"]
[White "Olarasu,G"]
[Black "Tomovska Polendakova,I"]
[Result "1/2-1/2"]
[WhiteElo "2272"]
[BlackElo "2038"]

1.Nf3 Nf6 2.c4 g6 3.Nc3 c5 4.d4 cxd4 5.Nxd4 Bg7 6.e4 Nc6 7.Be3 O-O 8.Be2 b6
9.Nxc6 dxc6 10.e5 Qxd1+ 11.Nxd1 Ng4 12.f4 f6 13.exf6 Bxf6 14.Bd2 e5 15.O-O exf4
16.Rxf4 Ne5 17.Bc3 Bg7 18.Rxf8+ Kxf8 19.Ne3 Be6 20.Rd1 Bh6 21.Bxe5 Bxe3+
22.Kf1 Re8 23.b3 c5 24.Bc3 Ke7 25.Bf3 Bf4 26.g3 Bg5 27.h4 Bf6 28.Bxf6+ Kxf6
29.Kf2 h5 30.Rd6 Ke5 31.Rd2 Rf8 32.Ke3 Rf7 33.Be4 Rg7  1/2-1/2

[Event "XLIV Capablanca Memorial Open"]
[Site "Havana CUB"]
[Date "2009.06.10"]
[Round "3"]
[White "Vera Gonzalez Quevedo,R"]
[Black "Gallego Alcaraz,A"]
[Result "1/2-1/2"]
[WhiteElo "2475"]
[BlackElo "2373"]

1.Nf3 Nf6 2.c4 c5 3.Nc3 d5 4.cxd5 Nxd5 5.d4 Nxc3 6.bxc3 g6 7.e4 Bg7 8.Rb1 O-O
9.Be2 cxd4 10.cxd4 Qa5+ 11.Bd2 Qxa2 12.O-O a5 13.Bg5 a4 14.Ra1 Qe6 15.e5 Nd7
16.d5 Qf5 17.Bxe7 Re8 18.d6 Nxe5 19.Rxa4 Bd7 20.Rxa8 Rxa8 21.Qb3 b5 22.h3 Qe4
23.Nxe5 Qxe5 24.Bg4 Bxg4 25.hxg4 Bf8 26.Qf3 Ra1 27.Qb7 Rxf1+ 28.Kxf1 Qa1+
29.Ke2 Qb2+ 30.Kf3 Qc3+ 31.Kf4 Qd4+ 32.Kg3 h5 33.gxh5 Qe5+ 34.f4 Qe3+ 35.Kg4 Qe2+
36.Kh3 gxh5 37.Qb8 Qg4+ 38.Kh2 Qxf4+ 39.g3 Qf2+ 40.Kh1  1/2-1/2

[Event "TCh-BUL"]
[Site "Sunny Beach BUL"]
[Date "2009.06.11"]
[Round "4"]
[White "Todorov,Ivai"]
[Black "Arnaudov,G"]
[Result "0-1"]
[WhiteElo "2299"]
[BlackElo "2449"]

1.c4 Nf6 2.Nc3 e6 3.Nf3 c5 4.g3 b6 5.Bg2 Bb7 6.O-O Be7 7.d4 cxd4 8.Qxd4 d6
9.b3 Nbd7 10.Bb2 a6 11.Ng5 Bxg2 12.Kxg2 Qc7 13.Nge4 Qc6 14.f3 Nc5 15.Nxc5 bxc5
16.Qd3 O-O 17.e4 Nd7 18.f4 Rad8 19.Rae1 Bf6 20.Qf3 Bd4 21.Nd1 a5 22.Nc3 Nb6
23.Re2 a4 24.Nb5 Bxb2 25.Rxb2 axb3 26.axb3 d5 27.exd5 exd5 28.Rd2 Qa8 29.Nc7 Qa5
30.Rfd1 d4 31.Nb5 Nd5 32.cxd5 Qxb5 33.Re2 Rxd5 34.Rc2 Rd6 35.Rdc1 d3 36.Rd2 Qxb3
37.Rxc5 Qa3 38.Rc6 Rfd8 39.Rxd6 Qxd6 40.Qe4 Qc7 41.Kh3 Qc8+ 42.Kg2 Qc7 43.Qe3 h6
44.h4 h5 45.Kh2 Qc6 46.Rd1 Qc4 47.Rd2 Qc3 48.Kg2 Qc1 49.Kh2 Qf1 50.Qg1 Qf3
51.Qe1 g6 52.Qe5 Kh7 53.Qf6 Rd7 54.Qe5 Qc6 55.f5 Qd5 56.fxg6+ Kxg6 57.Qe3 Qf5
58.Qe8 Kh7  0-1

[Event "TCh-BUL w"]
[Site "Sunny Beach BUL"]
[Date "2009.06.12"]
[Round "5"]
[White "Chilingirova,P"]
[Black "Pionova,S"]
[Result "1-0"]
[WhiteElo "2157"]
[BlackElo "2034"]

1.c4 c5 2.Nf3 e6 3.Nc3 Nf6 4.g3 a6 5.Bg2 Qc7 6.O-O Be7 7.e4 d6 8.d4 cxd4
9.Qxd4 Nc6 10.Qd2 Ne5 11.b3 b6 12.Bb2 O-O 13.Nd4 Bb7 14.f4 Ng6 15.Kh1 Rfd8
16.f5 Nf8 17.Rae1 N6d7 18.g4 h6 19.Nce2 Bg5 20.Qc3 Bf6 21.Ng3 Be5 22.Qd2 Nf6  1-0

[Event "XXVII Open A"]
[Site "Balatonlelle HUN"]
[Date "2009.06.13"]
[Round "1"]
[White "Videki,S"]
[Black "Porat,Ma"]
[Result "1-0"]
[WhiteElo "2435"]
[BlackElo "2197"]

1.c4 Nf6 2.Nc3 c5 3.Nf3 g6 4.d4 cxd4 5.Nxd4 Bg7 6.e4 d6 7.Be2 O-O 8.O-O Nc6
9.Be3 Bd7 10.Qd2 Rc8 11.Rac1 Ne5 12.b3 Bc6 13.f3 a6 14.Rfd1 Qd7 15.h3 Qc7
16.f4 Ned7 17.Bf3 Nc5 18.Nxc6 bxc6 19.b4 Nb7 20.Na4 c5 21.e5 dxe5 22.fxe5 Rfd8
23.Qe2 Nd7 24.Bxb7 Qxb7 25.Nxc5 Qc6 26.b5 Qc7 27.Nxa6 Qxe5 28.Nb4 Qe6 29.Nc6 Re8
30.Qd3 Nf6 31.Bd4 Bh6 32.Re1 Qd6 33.Rcd1 Nh5 34.Be5 Qc5+ 35.Qd4 Qa3 36.Re2 Qa4
37.Rf1 Ra8 38.Bh2 Bg7 39.Qc5 e6 40.Qb4 Bd4+ 41.Kh1 Qxb4 42.Nxb4 Ra4 43.Nc6 Rxc4
44.Re4 e5 45.Nxd4 Rxd4 46.Rxd4 exd4 47.b6 Re7 48.Bc7  1-0

[Event "1st SCS GM Open"]
[Site "Bhubaneswar IND"]
[Date "2009.06.13"]
[Round "9"]
[White "Ovetchkin,R"]
[Black "Sriram,J"]
[Result "1-0"]
[WhiteElo "2549"]
[BlackElo "2453"]

1.c4 Nf6 2.Nc3 c5 3.Nf3 e6 4.g3 b6 5.Bg2 Bb7 6.O-O Be7 7.Re1 d6 8.e4 a6 9.d4 cxd4
10.Nxd4 Qc7 11.Be3 Nbd7 12.f4 O-O 13.Rc1 Rfe8 14.g4 Nf8 15.g5 N6d7 16.b3 Rac8
17.h4 Qb8 18.f5 Qa8 19.Rf1 b5 20.cxb5 axb5 21.Ndxb5 exf5 22.Nd5 Bxd5 23.Qxd5 Rxc1
24.Bxc1 Qxa2 25.exf5 Nb6 26.Qb7 Nfd7 27.f6 Qxb3 28.Nc7 d5 29.fxe7 Rxe7 30.Nxd5 Re2
31.Nxb6 Qxb6+ 32.Qxb6 Nxb6 33.Bf4  1-0

[Event "FSGM June"]
[Site "Budapest HUN"]
[Date "2009.06.13"]
[Round "7"]
[White "Duong The Anh"]
[Black "Solomon,K"]
[Result "1/2-1/2"]
[WhiteElo "2434"]
[BlackElo "2346"]

1.Nf3 c5 2.c4 Nf6 3.Nc3 e6 4.g3 b6 5.Bg2 Bb7 6.O-O Be7 7.d4 cxd4 8.Qxd4 O-O
9.Rd1 Nc6 10.Qf4 Qb8 11.b3 Rd8 12.Bb2 d6 13.Rac1 a6 14.h4 Ne5 15.Nxe5 dxe5
16.Rxd8+ Bxd8 17.Qe3 Bxg2 18.Kxg2 Qb7+ 19.Kg1 Bc7 20.Rd1 h6 21.a4 Qc6 22.Ba3 Re8
23.Na2 e4 24.Nb4 Qa8 25.Bb2 Ng4 26.Qc3 Be5 27.Qc2 Bxb2 28.Qxb2 Rd8 29.Qc1 a5
30.Na2 f5 31.Nc3 Qc8 32.Nb5 Rd7 33.Qa1 Qc5 34.e3 Rd3 35.Nd4 Rxd1+ 36.Qxd1 Qd6
37.Qe1 e5 38.Nb5 Qd3 39.Nc3 Qc2 40.Nd5 Qxb3 41.Ne7+ Kh7 42.Nxf5 Qd3 43.Ne7 h5
44.Nd5 Qxc4 45.Nxb6 Qb3 46.Nd7 Qxa4 47.Nf8+ Kg8 48.Ne6 Qc2 49.Ng5 a4 50.Nh3 Qc8
51.Qa5 Nf6 52.Ng5 Qe8  1/2-1/2

[Event "TCh-BUL"]
[Site "Sunny Beach BUL"]
[Date "2009.06.13"]
[Round "6"]
[White "Delchev,A"]
[Black "Nikolov,Mo"]
[Result "1/2-1/2"]
[WhiteElo "2648"]
[BlackElo "2506"]

1.Nf3 Nf6 2.c4 c5 3.Nc3 d5 4.cxd5 Nxd5 5.d4 cxd4 6.Qxd4 Nxc3 7.Qxc3 Nc6 8.e4 e6
9.a3 Bd7 10.Be2 Rc8 11.O-O Na5 12.Qd3 Ba4 13.Qxd8+ Rxd8 14.Be3 Nb3 15.Bd1 a6
16.Bxb3 Bxb3 17.Rac1 Ba4 18.Bb6 Ra8 19.Ne5 Bd6 20.Nc4 Bf4 21.Rc3 Bc6 22.g3 Bg5
23.Nd6+ Kf8 24.Rd1 Be7 25.f3 Bxd6 26.Rxd6 Ke7 27.Bc5 Kf6 28.Rcd3 h5 29.Bd4+ Kg6
30.Bc3 Rhc8 31.Kf2 a5 32.Ke3 a4 33.Rd1 Re8 34.h3 f6 35.f4 Kf7 36.e5  1/2-1/2

[Event "13th FIDE Open"]
[Site "Voronezh RUS"]
[Date "2009.06.14"]
[Round "3"]
[White "Kornilov,P"]
[Black "Klimentov,R"]
[Result "0-1"]
[WhiteElo "2105"]
[BlackElo "2246"]

1.Nf3 c5 2.c4 Nf6 3.Nc3 e6 4.g3 b6 5.Bg2 Bb7 6.O-O Be7 7.d4 cxd4 8.Qxd4 d6
9.b3 O-O 10.Bb2 a6 11.Rad1 Nbd7 12.Rfe1 Qb8 13.Ba3 Nc5 14.b4 Ncd7 15.e4 Rc8
16.Bb2 Ne5 17.Nxe5 dxe5 18.Qxb6 Rxc4 19.a3 Bd8 20.Qe3 Bc6 21.Qe2 Rd4 22.Nd5 exd5
23.Bxd4 Bb5 24.Qb2 exd4 25.exd5 Bb6 26.h3 Qd6 27.Qa2 Ba4 28.Rd2 h5 29.Qb1 h4
30.Qd3 Bb5 31.Qf3 Rd8 32.Red1 hxg3 33.Qxg3 Qxg3 34.fxg3 d3+ 35.Kh2 Be3 36.Rxd3 Bxd3
37.Rxd3 Bb6 38.a4 Rd6 39.a5 Bf2 40.Bf3 Kf8 41.Rb3 Ne8 42.b5 axb5 43.Rxb5 Be1
44.h4 Ra6 45.Rb1 Bxa5 46.Ra1 Ra7 47.Kh3 Bb6 48.Rb1 Bc7 49.Rc1 Ra3 50.Kg2 Rd3  0-1

[Event "13th Open"]
[Site "Voronezh RUS"]
[Date "2009.06.14"]
[Round "3"]
[White "Shishkin,Alek2"]
[Black "Mukashev,A"]
[Result "1-0"]
[WhiteElo "2238"]
[BlackElo "2078"]

1.Nf3 c5 2.c4 Nf6 3.Nc3 d5 4.cxd5 Nxd5 5.d4 Nxc3 6.bxc3 g6 7.e4 Bg7 8.Be3 Nc6
9.Qd2 cxd4 10.cxd4 Bg4 11.Rd1 Bxf3 12.gxf3 O-O 13.d5 Ne5 14.Be2 Rc8 15.O-O a6
16.Rc1 b5 17.f4 Nc4 18.Bxc4 bxc4 19.Rfd1 Qd7 20.f3 Rc7 21.Bd4 Rfc8 22.Bxg7 Kxg7
23.Rc3 Kg8 24.Qd4 Qa4 25.a3 Rb7 26.Rdc1 Rbc7 27.h4 Qd7 28.Kg2 Qb5 29.h5 Rc5
30.hxg6 fxg6 31.Qe5 Qd7 32.f5 gxf5 33.Kh1 R8c6 34.dxc6  1-0

[Event "XXVII Open A"]
[Site "Balatonlelle HUN"]
[Date "2009.06.15"]
[Round "3"]
[White "Rapport,R"]
[Black "Horvath,Ad1"]
[Result "0-1"]
[WhiteElo "2371"]
[BlackElo "2519"]

1.Nf3 Nf6 2.c4 e6 3.Nc3 c5 4.g3 b6 5.Bg2 Bb7 6.O-O Be7 7.Re1 O-O 8.e4 d6
9.d4 cxd4 10.Nxd4 Qc8 11.b3 a6 12.Bb2 Nbd7 13.Rc1 Re8 14.f4 h6 15.Rc2 Ra7
16.Rf2 Ba8 17.Bc1 Nh7 18.Be3 Rc7 19.a4 Nc5 20.Ra2 Bf6 21.Bf2 Qb8 22.Nde2 Rcc8
23.Rd2 Be7 24.Nd4 Bf8 25.e5 Bxg2 26.Kxg2 dxe5 27.Rxe5 Nf6 28.Re1 h5 29.Qf3 Qc7
30.h3 g6 31.Rc1 Ncd7 32.Nc2 Bh6 33.Rcd1 Nc5 34.b4 Nb3 35.Rd3 Qxc4 36.Bxb6 Nd5
37.Na3 Qc6 38.Nxd5 exd5 39.a5 Nc1 40.Rxd5 Qa4 41.Bc5 Nb3 42.Nb1 Nxc5 43.bxc5 Qc2+
44.Nd2 Rxc5 45.Rxc5 Qxc5 46.Nb3 Qc2+ 47.Rd2 Qb1 48.Rd1 Qf5 49.Qd5 Qf6 50.Qf3 h4
51.gxh4 Qxh4 52.f5 Re3 53.Qa8+ Kg7 54.f6+ Qxf6 55.Qd5 Qb2+ 56.Rd2 Qxb3  0-1

[Event "FSIMB June"]
[Site "Budapest HUN"]
[Date "2009.06.16"]
[Round "10"]
[White "Kjartansson,G"]
[Black "Binder,Mi"]
[Result "1-0"]
[WhiteElo "2388"]
[BlackElo "2184"]

1.c4 Nf6 2.Nc3 c5 3.Nf3 b6 4.g3 Bb7 5.Bg2 e6 6.O-O Be7 7.d4 cxd4 8.Qxd4 d6
9.Rd1 a6 10.b3 Nbd7 11.Bb2 O-O 12.Rac1 Qc7 13.e4 Rfe8 14.h3 Rac8 15.Ne1 Bf8
16.Rc2 Qb8 17.Rcd2 Nc5 18.Nd3 Nxd3 19.Rxd3 Nd7 20.Re3 Bc6 21.Ba3 Nc5 22.b4 Na4
23.Nxa4 Bxa4 24.Rde1 Qc7 25.Bf1 Bc6 26.Bb2 a5 27.b5 Bd7 28.a4 e5 29.Qd2 Be6
30.Rc3 f6 31.Ba3 Red8 32.Rec1 g6 33.Kh2 h5 34.Rd1 Kh7 35.Bc1 Qc5 36.Ba3 Qc7
37.h4 Bh6 38.Qd3 d5 39.exd5 Bxd5 40.Qc2 Ba8 41.Rxd8 Rxd8 42.c5 Rd2 43.cxb6 Rxf2+
44.Kg1 Rxc2 45.Rxc7+ Rxc7 46.bxc7 Be3+ 47.Kh2 Bb7 48.Bg2 Bc8 49.Bd6 Bd4 50.Bd5 Kg7
51.Kg2 f5 52.Be7 Bb6 53.Bd8 Kf8 54.Kf3 Ke8 55.Bc6+ Kf7 56.Ke2 Bd4 57.Kd3 Bb6
58.Kc4 e4 59.Kc3 Kf8 60.Kd2 Kf7 61.Ke2 Kf8 62.Bg5 Bxc7 63.Bf4 Bb6 64.Be3 Bc7
65.Kf2 Ke7 66.b6 Kd6 67.Ba8 Bxb6 68.Bxb6 Bd7 69.Bxa5 Bxa4 70.Ke3  1-0

[Event "13th Master Open"]
[Site "Voronezh RUS"]
[Date "2009.06.16"]
[Round "5"]
[White "Shishkin,Alek2"]
[Black "Neshkov,V"]
[Result "1-0"]
[WhiteElo "2238"]
[BlackElo "2186"]

1.Nf3 Nf6 2.c4 c5 3.Nc3 b6 4.d4 cxd4 5.Nxd4 Bb7 6.f3 e6 7.e4 d6 8.Be3 Be7
9.Be2 O-O 10.O-O Nbd7 11.a4 Re8 12.a5 bxa5 13.Nb3 Rc8 14.Nxa5 Ba8 15.Nb5 d5
16.Nxa7 dxe4 17.Nxc8 Qxc8 18.f4 Rd8 19.Qb3 Qc7 20.Qc3 h6 21.Nb3 Qb8 22.Nd4 Bb4
23.Qb3 Nc5 24.Rxa8 Qxa8 25.Qxb4 Nd3 26.Qc3 Rc8 27.Bxd3 exd3 28.Qxd3 Qa2 29.Qa3 Qxa3
30.bxa3 Rxc4 31.Rc1 Ra4 32.Rc8+ Kh7  1-0

[Event "Municipality Cup"]
[Site "Tbilisi GEO"]
[Date "2009.06.17"]
[Round "3"]
[White "Margvelashvili,G"]
[Black "Charkhalashvili,I"]
[Result "1/2-1/2"]
[WhiteElo "2491"]
[BlackElo "2363"]

1.Nf3 Nf6 2.c4 c5 3.Nc3 e6 4.g3 b6 5.Bg2 Bb7 6.O-O Be7 7.d4 cxd4 8.Qxd4 d6
9.Bg5 a6 10.Bxf6 Bxf6 11.Qf4 O-O 12.Rfd1 Be7 13.Ne4 Bxe4 14.Qxe4 Ra7 15.Nd4 Re8
16.b3 Qc8 17.a4 Qc5 18.Ra2 Bf6 19.Rad2 Rc7 20.Qb1 Rec8 21.e3 Be7 22.h4 Qe5
23.Nf3 Qc5 24.Nd4 Qe5 25.Be4 g6 26.Bf3 Nd7 27.Kg2 Nf6 28.Qd3 Kg7 29.Rc2 d5
30.cxd5 Rxc2 31.Nxc2 Nxd5 32.Rd2 Nb4 33.Nxb4 Bxb4 34.Qxa6 Bxd2 35.Qxc8 Qb2
36.Qc4 Bxe3 37.Be2  1/2-1/2

[Event "13th Master Open"]
[Site "Voronezh RUS"]
[Date "2009.06.19"]
[Round "8"]
[White "Kovalevskaya,E"]
[Black "Aldokhin,I"]
[Result "1/2-1/2"]
[WhiteElo "2450"]
[BlackElo "2345"]

1.c4 c5 2.Nf3 Nf6 3.Nc3 e6 4.e3 Be7 5.d4 cxd4 6.exd4 d5 7.cxd5 Nxd5 8.Bd3 Nc6
9.O-O O-O 10.a3 Bf6 11.Be4 Nce7 12.Ng5 Nf5 13.Nxh7 Kxh7 14.Nxd5 exd5 15.Bxf5+ Bxf5
16.Qh5+ Kg8 17.Qxf5 Bxd4 18.Bg5 Qd6 19.Rad1 Be5 20.Rd3 Qe6 21.Qf3 Bxb2 22.Rxd5 Bxa3
23.Rfd1 Rfe8 24.h4 Be7 25.Rd7 Bxg5 26.hxg5 Re7 27.Qxb7 Rxd7 28.Rxd7 Re8 29.Qxa7 Qg4
30.Rd4 Re1+ 31.Kh2 Qh5+ 32.Kg3 Qxg5+ 33.Kf3 Qf5+ 34.Kg3 Qe5+ 35.Kf3 Qf5+  1/2-1/2

[Event "Oceania Zonal"]
[Site "Gold Coast AUS"]
[Date "2009.06.22"]
[Round "5"]
[White "Pyke,M"]
[Black "Hughes,Ha"]
[Result "1-0"]
[WhiteElo "2156"]
[BlackElo "1554"]

1.c4 Nf6 2.Nf3 g6 3.Nc3 c5 4.e3 Nc6 5.d4 cxd4 6.exd4 d5 7.Bg5 dxc4 8.Bxc4 Bg7
9.d5 Nb8 10.O-O O-O 11.Re1 Re8 12.Qd2 a6 13.a4 Qd6 14.Rac1 Bd7 15.Bb3 Bf5
16.Nd4 Ng4 17.Bf4 Be5 18.Bxe5 Nxe5 19.Qf4 Nbd7 20.Nxf5 gxf5 21.Qxf5 e6 22.dxe6 fxe6
23.Rcd1 Qe7 24.Rxe5 Nxe5 25.Qxe5 Rad8 26.Bxe6+ Qxe6 27.Qxe6+ Rxe6 28.Rxd8+ Kf7
29.Kf1  1-0

[Event "1st Int"]
[Site "Villa De Aranjuez ESP"]
[Date "2009.06.23"]
[Round "3"]
[White "Sanchez Gonzalez,S"]
[Black "Fenollar Jorda,M"]
[Result "1-0"]
[WhiteElo "2256"]
[BlackElo "2373"]

1.c4 Nf6 2.Nc3 c5 3.Nf3 e6 4.e4 Nc6 5.d4 cxd4 6.Nxd4 Bb4 7.Nxc6 bxc6 8.Bd3 O-O
9.O-O d5 10.cxd5 cxd5 11.exd5 Bxc3 12.bxc3 Qxd5 13.Be2 Qa5 14.Qd6 Bd7 15.c4 Rfd8
16.Bd2 Qf5 17.Be3 Ba4 18.Qa6 Bc2 19.Bf3 Be4 20.Bxe4 Qxe4 21.Rad1 Rxd1 22.Rxd1 Ng4
23.Bc5 h6 24.h3 Qe2 25.Rc1 Ne5 26.Bd6 Qd2 27.Qa3 Nc6 28.c5 Nd4 29.Rf1 Nb5
30.Qf3 Rc8 31.Rd1 Qa5 32.Qb7 Rd8 33.Qe7 Nc3 34.Rd3 Nd5 35.Qb7 Qb4 36.Rb3 Qxb7
37.Rxb7 Nb4 38.Rxb4  1-0

[Event "4th Polonia Wroclaw Open A"]
[Site "Warsaw POL"]
[Date "2009.06.23"]
[Round "5"]
[White "Colin,V"]
[Black "Guilleux,F"]
[Result "1-0"]
[WhiteElo "2415"]
[BlackElo "2313"]

1.c4 Nf6 2.Nc3 c5 3.Nf3 d5 4.cxd5 Nxd5 5.e4 Nb4 6.Bc4 Nd3+ 7.Ke2 Nf4+ 8.Kf1 Ne6
9.b4 g6 10.bxc5 Bg7 11.Bxe6 Bxe6 12.d4 Nc6 13.Be3 Bc4+ 14.Kg1 Qa5 15.Rc1 O-O
16.d5 Nb4 17.Qa4 Qxa4 18.Nxa4 Bd3 19.Ne1 b5 20.Nc3 Bxc3 21.Nxd3 Nxa2 22.Rc2 a5
23.Rxa2 b4 24.Ra4  1-0

[Event "1st Int"]
[Site "Villa De Aranjuez ESP"]
[Date "2009.06.25"]
[Round "6"]
[White "Suba,M"]
[Black "Fenollar Jorda,M"]
[Result "1-0"]
[WhiteElo "2542"]
[BlackElo "2373"]

1.c4 Nf6 2.Nc3 c5 3.Nf3 e6 4.e3 Nc6 5.d4 d5 6.cxd5 Nxd5 7.Bd3 Be7 8.O-O O-O
9.Bb1 b6 10.Qc2 g6 11.dxc5 Bxc5 12.Rd1 Qe7 13.a3 Nxc3 14.Qxc3 a5 15.b3 Bb7
16.Bb2 f6 17.Be4 Nd8 18.Qd3 Bxe4 19.Qxe4 Nb7 20.b4 axb4 21.axb4 Rxa1 22.Rxa1 Bxb4
23.Ra7 Qd6 24.g4 Nd8 25.g5 Nc6 26.Ra1 e5 27.Rc1 Bc5 28.Rc2 Re8 29.Rd2 Qe6
30.gxf6 Qxf6 31.Kg2 Re7 32.Bc3 Kf8 33.Ra2 Re8 34.h3 Qe6 35.Ra4 Kg8 36.Ng5 Qd7
37.Ra2 Qf5 38.Qd5+ Kg7 39.Qxc6 Qxg5+ 40.Kf1 Re7 41.Ra8 Kh6 42.Rg8 Ra7 43.Re8 Qf5
44.Rxe5 Qd3+ 45.Kg2 Qxc3 46.Qf6 Bb4  1-0

[Event "1st Int"]
[Site "Villa De Aranjuez ESP"]
[Date "2009.06.26"]
[Round "7"]
[White "Molina,Jo"]
[Black "Suba,M"]
[Result "0-1"]
[WhiteElo "2132"]
[BlackElo "2542"]

1.Nf3 c5 2.c4 Nf6 3.Nc3 e6 4.g3 b6 5.Bg2 Bb7 6.O-O a6 7.d4 cxd4 8.Qxd4 d6
9.Rd1 Nbd7 10.Ng5 Bxg2 11.Kxg2 Rc8 12.Nge4 Rc6 13.Bf4 Nxe4 14.Qxe4 Qc8 15.Rac1 Be7
16.Nd5 exd5 17.cxd5 Rxc1 18.Rxc1 Nc5 19.Qd4 Qf5 20.Qxg7 Bf6 21.Qh6 Qxd5+
22.Kg1 Bxb2 23.Rb1 Qxa2 24.Rd1 Qe6 25.Qxe6+ Nxe6 26.Rxd6 Bd4  0-1

[Event "Petr Izmailov Mem"]
[Site "Tomsk RUS"]
[Date "2009.06.27"]
[Round "4"]
[White "Romanov,E"]
[Black "Badmatsyrenov,O"]
[Result "1/2-1/2"]
[WhiteElo "2589"]
[BlackElo "2386"]

1.Nf3 c5 2.c4 Nf6 3.Nc3 e6 4.g3 b6 5.Bg2 Bb7 6.O-O Be7 7.Re1 d6 8.e4 a6 9.d4 cxd4
10.Nxd4 Qc7 11.Be3 Nbd7 12.f4 Rc8 13.Rc1 Qb8 14.Qe2 Qa8 15.Bf2 O-O 16.g4 g6
17.g5 Nh5 18.Qg4 Rce8 19.Rcd1 f5 20.exf5 Bxg2 21.f6 Bh1 22.Qxe6+ Kh8 23.Nd5 Ndxf6
24.gxf6 Bxf6 25.Qxd6 Rd8 26.Qc6 Bxd5 27.cxd5 Rxd5 28.Qxa8 Rxa8 29.Ne6 Rf5
30.Rd6 b5 31.Rc1 Bxb2 32.Rxa6 Re8 33.Rc2 Ba1 34.Rc1 Bb2 35.Rc5 Rxc5 36.Bxc5 Rc8
37.Bd6 Ng7 38.Nc7 b4 39.Nd5 Nf5 40.Be5+ Bxe5 41.fxe5 Rc5 42.Ra8+ Kg7 43.Ra7+ Kh6
44.Nf6 Rc1+ 45.Kf2 Kg5 46.Kf3 Rf1+ 47.Ke2 Ra1 48.Nxh7+ Kf4 49.e6 Nd4+ 50.Kd3 Nxe6
51.Kc4 Rb1 52.Nf6 Ke5 53.Ng4+ Kf5 54.Nf2 Nd4 55.Ra5+ Ke6 56.Ne4 Rb2 57.h4 Nf3
58.Nc5+ Kf6 59.Ne4+ Ke6 60.Nc5+ Kf6 61.Nd3 Rb1 62.Nxb4 Nxh4 63.a4 Nf5 64.Ra7 Ke6  1/2-1/2